书目信息 |
| 题名: |
学习参考资料 第一分册
|
|
| 作者: | 邯郸教师进修学院、保定教师进修学院 | |
| 分册: | ||
| 出版信息: | 1979 |
|
| 页数: | ||
| 开本: | ||
| 丛书名: | 《初等数学复习及研究》 | |
| 单 册: | ||
| 中图分类: | O124.1-42 | |
| 科图分类: | ||
| 主题词: | 初等数学 | |
| 电子资源: | ||
| ISBN: | ||
| 000 | 00693nam0 2200181 450 | |
| 001 | 0732828906 | |
| 005 | 20070903090708.90 | |
| 100 | @a20070903d km y0chiy0120 ea | |
| 101 | 0 | @achi |
| 200 | 1 | @a学习参考资料 第一分册@Axue xi can kao zi liao di yi fen ce@f邯郸教师进修学院、保定教师进修学院@Fhan dan jiao shi jin xiu xue yuan、bao ding jiao shi jin xiu xue yuan |
| 210 | @d1979 | |
| 225 | 2 | @a《初等数学复习及研究》 |
| 410 | 0 | @12001 @a《初等数学复习及研究》 |
| 606 | 0 | @a初等数学 |
| 690 | @aO124.1-42@v3 | |
| 701 | 0 | @a邯郸教师进修学院、保定教师进修学院@Ahan dan jiao shi jin xiu xue yuan、bao ding jiao shi jin xiu xue yuan |
| 801 | 0 | @aCN@bPFT@c20070903 |
| 905 | @a213230@dO124.1-42@eS3:1@f1 | |
| 学习参考资料 第一分册/邯郸教师进修学院、保定教师进修学院.-1979 |
| (《初等数学复习及研究》) |
| ISBN : |
| ● |
| 相关链接 |
|
|
|
|
正题名:学习参考资料 第一分册
索取号:O124.1-42/S3:1
 
预约/预借
| 序号 | 登录号 | 条形码 | 馆藏地/架位号 | 状态 | 备注 |
| 1 | 6700384 | 267003841 | 密集书库-数信学院/ [索取号:O124.1-42/S3:1] | 在馆 |